| 000 | 01095nam a2200277 a 4500 | ||
|---|---|---|---|
| 001 | 000027492 | ||
| 003 | DO-SdBNP | ||
| 005 | 20240307073947.0 | ||
| 007 | ta | ||
| 008 | 110401s1942 dr 000 0 spa d | ||
| 040 |
_aDO-SdBNP _bspa _cBNPHU |
||
| 082 | 4 |
_a720.97293 _bP171a _222 |
|
| 100 | 1 |
_aPalm, Erwin Walter, _d1910- _954572 |
|
| 245 | 1 | 3 |
_aLa arquitectura del Siglo XVIII en Santo Domingo / _cErwin Walter Palm. |
| 260 |
_aCiudad Trujillo, República Dominicana : _bMontalvo, _c1942. |
||
| 300 |
_a24, [12] p. : _bil., retrs. ; _c22 cm. |
||
| 490 |
_aPublicaciones de la Universidad de Santo Domingo ; _v21 |
||
| 500 | _aEdiciones del ix Cincuentenario del Descubrimiento de América | ||
| 500 | _aIncluye referencias bibliográficas y notas al pie de las páginas | ||
| 590 | _aInventariado, 2019/VM | ||
| 650 | 4 |
_aArquitectura _zRepública Dominicana _xHistoria _ySIGLO XVIII _954573 |
|
| 710 | 1 |
_aUniversidad Autónoma de Santo Domingo _972951 |
|
| 830 | 0 |
_aPublicaciones de la Universidad de Santo Domingo _9818 |
|
| 910 | _aValidado. Control de calidad MFF | ||
| 942 |
_2ddc _cLBS1 |
||
| 999 |
_c26984 _d26984 |
||